[Event "XIV Figueira da Foz Open 2020"]
[Site "Figueira da Foz"]
[Date "2020.10.26"]
[Round "4.8"]
[White "Varela La Madrid, Tilsia Carolina"]
[Black "Antolak, Julia"]
[Result "0-1"]
[WhiteElo "2060"]
[BlackElo "2313"]
[Annotator "TA"]
[PlyCount "106"]
[EventDate "2020.10.24"]
[EventType "swiss"]
[EventCountry "POR"]
[SourceTitle "playchess.com"]
[Source "ChessBase"]
[SourceQuality "1"]

{[%evp 17,106,27,25,27,25,26,25,0,12,4,10,9,11,0,0,0,0,0,0,0,22,22,26,21,21,20,14,-28,-28,-105,-73,-111,-94,-101,-104,-145,-130,-283,-178,-163,-154,-237,-164,-156,-122,-129,-127,-126,-128,-176,-160,-149,-98,-227,-172,-202,0,-180,-168,-499,-213,-206,0,-291,-211,-316,-283,-263,-243,-350,-254,-370,-366,-543,-546,-511,-497,-783,-448,-935,-960,-12843,-12843,-12845,-12842,-29989,-29990,-29992,-29992,-29992,-29992]} 1. e4 c6 2. d4 d5 3. Nc3 g6 4. Nf3 Bg4 5. Be2 Bg7 6. exd5 cxd5 7. h3 Bxf3 8. Bxf3 e6 9. O-O Nc6 10. Ne2 {B15: Caro-Kann: 3 Nc3: 3...g6 and 3...dxe4 4 Nxe4 Nf6 5 Nxf6+ exf6.} Nge7 11. c3 O-O {[#]} 12. h4 $146 {White has an edge.} ({Predecessor:} 12. Bf4 a6 13. a4 Nf5 14. b3 Nh4 15. Ng3 Nxf3+ 16. Qxf3 Na5 17. Rab1 b5 18. axb5 axb5 {0-1 (58) Korjus,O (1878)-Bekasovs,R (2144) Bratislava 2019}) 12... b5 13. h5 b4 14. g3 Rc8 15. hxg6 hxg6 16. Bf4 Nf5 17. Kg2 Nd6 18. Rh1 bxc3 19. bxc3 Re8 20. Qg1 e5 21. dxe5 Nxe5 22. Bxe5 Rxe5 23. Qh2 (23. Rc1 $11 {remains equal.}) 23... Qe8 24. Qh7+ Kf8 25. Nf4 Ne4 26. Bxe4 dxe4 27. Ne2 $2 (27. Rad1 $17) 27... Qb5 28. Qh3 Rce8 29. Rhe1 (29. Nd4 $17 {was necessary.} Qb2 30. Qg4) 29... Qd3 {And now ...Rh5 would win.} 30. Qg4 Rf5 31. Nf4 Qxc3 32. Rac1 Qa3 $36 {[%mdl 2048] White is under strong pressure.} 33. Rc7 Qxa2 34. Re2 {[#]} Qa3 (34... Qa5 $142 $1 {[%cal Ra5c7]} 35. Rc4 Rfe5) 35. Re3 (35. Rd2 $17) 35... Qa5 36. Rd7 {intending Nxg6+!} Kg8 $2 {[#]} (36... Qb6 $19 37. Qd1 Bh6) 37. Qe2 $2 (37. Nxg6 $1 $11 {[%mdl 512]} Rg5 (37... fxg6 38. Qxg6) 38. Qf4) 37... Qa4 $19 38. Rd1 $2 (38. Rc7 {is tougher.}) 38... Bh6 (38... Bd4 $142 39. Rh1 Bxe3 40. Qxe3 Qd7) 39. Rh1 Bg7 $2 (39... Bg5 $19 {Threatens to win with ...Qd4.} 40. Qb2 Bf6) 40. Re1 $2 {[%mdl 8192]} (40. Rd1 $1 $11) 40... Rfe5 41. Rh1 (41. Rc1 {was the only defense.}) 41... a5 {[%cal Ba7a5,Ba5a4,Ba4a3][%mdl 32]} 42. Qa6 Qb5 43. Qd6 (43. Qxb5 $142 Rxb5 44. Rc1) 43... Rg5 {aiming for ...Be5.} 44. Qa3 (44. Rd1 $142) 44... a4 45. Rd1 (45. Rhe1 $142) 45... Bb2 46. Qa2 a3 47. Rd6 (47. Nh3 $142 Rc5 48. Rde1) 47... Kg7 {Hoping for ...Qe5.} 48. Rb3 (48. Rd2 $142) 48... Qe5 {Strongly threatening ...Qxf4.} 49. Rb7 Qxf4 50. Kf1 Qf3 {( -> ...Rf5)} 51. Rdd7 Rf5 {[%csl Gf5][%cal Rf3f2] Black mates.} 52. Rxb2 axb2 53. Qxb2+ Kg8 {Av CentiPawn Loss W=-108/B=-39. Weighted=-131/-57} 0-1

[Event "XIV Figueira da Foz Open 2020"]
[Site "Figueira da Foz"]
[Date "2020.10.26"]
[Round "4.9"]
[White "Stella, Andrea"]
[Black "Movsisyan, Tigran"]
[Result "1-0"]
[WhiteElo "2457"]
[BlackElo "1730"]
[Annotator "TA"]
[PlyCount "79"]
[EventDate "2020.10.24"]
[EventType "swiss"]
[EventCountry "POR"]
[SourceTitle "playchess.com"]
[Source "ChessBase"]
[SourceQuality "1"]

{[%evp 12,79,47,18,42,33,54,35,47,72,58,35,41,54,79,76,105,79,91,81,95,99,100,99,74,87,128,99,129,129,160,134,132,135,131,120,281,269,343,296,333,356,290,165,160,60,62,61,182,189,165,150,289,201,233,233,293,287,316,233,233,233,234,234,1179,1159,29957,6419,5489,5485]} 1. d4 d5 2. c4 e6 3. Nc3 Be7 4. Nf3 Nf6 5. Bf4 c6 6. e3 O-O 7. h3 Re8 {D37: Queen's Gambit Declined: 5 Bf4.} 8. Qc2 {[#]} a6 $146 ({Predecessor:} 8... dxc4 9. Bxc4 b5 10. Bd3 Bb7 11. e4 h6 12. O-O a6 13. Rad1 Nbd7 14. e5 Nd5 15. Nxd5 cxd5 {1-0 (49) Moradiabadi,E (2521)-Ulyanovskyy,V (2348) Lisbon 2015}) 9. a3 h6 {White is slightly better.} 10. c5 b6 11. cxb6 Qxb6 12. Na4 Qd8 13. Bd3 (13. Ne5 {is interesting.} Bd6 14. Be2 Qc7 15. O-O a5 16. Rfc1) 13... Bd6 14. Bxd6 Qxd6 15. Ne5 $36 {[%mdl 2048] Keeping Black busy.} a5 16. O-O Ba6 17. Bxa6 Rxa6 18. Nc5 Rb6 19. Rfc1 Rc8 20. Qc3 Nbd7 21. Rab1 Rb5 {White should prevent ...Rxc5!} 22. Ncxd7 Nxd7 23. Nxc6 {Threatens to win with Ne7+!} Kf8 $2 (23... Ra8 $16 {might work better.} 24. a4 Rb6) 24. Qd3 $18 Rb6 25. Nxa5 Rxc1+ 26. Rxc1 Rxb2 27. Qc3 (27. Rc8+ $142 Ke7 28. Nc6+ Kf6 29. Nb4) 27... Rb8 28. Nb7 (28. a4 $16) 28... Qb6 $14 29. Nc5 Nf6 (29... Nxc5 $14 30. dxc5 Qb2) 30. a4 $18 {[%cal Ba3a4,Ba4a5,Ba5a6,Ba6a7][%mdl 32]} Ra8 31. Ra1 Ra5 (31... Qa5 $16 {was called for.} 32. Qb3 Kg8) 32. Nb3 Ra8 {[#]} 33. a5 $1 {[%cal Ra5b6]} Qa7 34. Nc5 Nd7 35. Nxd7+ Qxd7 36. a6 Qd6 37. a7 Qd7 $2 (37... Qb6 38. Qa3+ Ke8) 38. Qb4+ Ke8 39. Qb8+ {[%mdl 64] [#] Double Attack} Qd8 40. Rb1 {Av CentiPawn Loss W=-47/B=-53. Weighted=-32/-106} 1-0

[Event "XIV Figueira da Foz Open 2020"]
[Site "Figueira da Foz"]
[Date "2020.10.26"]
[Round "4.10"]
[White "Dantas, Carlos"]
[Black "Alshameary Puente, Ismael"]
[Result "0-1"]
[WhiteElo "2126"]
[BlackElo "2373"]
[Annotator "TA"]
[PlyCount "56"]
[EventDate "2020.10.24"]
[EventType "swiss"]
[EventCountry "POR"]
[SourceTitle "playchess.com"]
[Source "ChessBase"]
[SourceQuality "1"]

{[%evp 18,56,19,11,10,0,0,-9,30,26,35,6,6,-20,25,0,0,0,0,0,0,-85,-98,-85,-89,-181,-167,-168,-176,-279,-295,-283,-287,-262,-252,-315,-320,-357,-337,-539,-494]} 1. e4 c5 2. Nc3 Nc6 3. g3 g6 4. Bg2 Bg7 5. d3 d6 6. Nge2 Nf6 7. O-O O-O 8. h3 Bd7 9. Be3 Rb8 10. Qd2 b5 {B26: Closed Sicilian: 3 g3, lines with early Be3.} 11. Kh2 b4 12. Nd1 {[#]} c4 $146 {The position is equal.} ({Predecessor:} 12... Ne8 13. Bh6 Nc7 14. Bxg7 Kxg7 15. f4 e6 16. f5 f6 17. fxe6 Nxe6 18. Ne3 Ne5 19. Rf2 {0-1 (41) Bernadskiy,V (2629)-Adarsh,T (2115) chess.com INT 2020}) 13. d4 Qc8 14. f4 e6 15. Nf2 Rd8 16. d5 exd5 17. exd5 c3 18. bxc3 bxc3 19. Qd1 (19. Nxc3 $11 Na5 20. Bxa7) 19... Ne7 $17 {[%cal Bc6e7,Be7f5,Bf5e3][%mdl 32]} 20. Bxa7 Rb4 21. Bd4 (21. Re1 $17) 21... Nf5 $19 22. Bxc3 Ne3 {[%mdl 64] Double Attack} 23. Bxb4 (23. Qd3 $142 Nxf1+ 24. Rxf1) 23... Nxd1 24. Raxd1 {[#]} Qc4 $1 {[%cal Rc4b4]} ({Less strong is} 24... Qxc2 25. Rd2 $17) 25. Nd3 Nxd5 (25... Qxa2 26. Bxd6 Bxh3 27. Kxh3 $17) 26. Bxd5 Qxd5 27. Rf2 Re8 ({Resist} 27... Qxa2 28. Rd2 $19) 28. c3 (28. f5 {was called for.}) 28... Qh5 {[%mdl 64] Double Attack. Av CentiPawn Loss W=-35/B=-7. Weighted=-55/-6} 0-1

[Event "XIV Figueira da Foz Open 2020"]
[Site "Figueira da Foz"]
[Date "2020.10.26"]
[Round "4.11"]
[White "Roettgen, Juergen"]
[Black "Fernandes, Miguel A. Murtinho"]
[Result "0-1"]
[WhiteElo "2099"]
[BlackElo "2139"]
[Annotator "TA"]
[PlyCount "82"]
[EventDate "2020.10.24"]
[EventType "swiss"]
[EventCountry "POR"]
[SourceTitle "playchess.com"]
[Source "ChessBase"]
[SourceQuality "1"]

{[%evp 18,82,44,45,54,54,60,35,60,-4,7,-11,0,0,38,-51,66,-25,-31,-84,-70,-77,-71,-85,-63,-83,-83,-84,-57,-57,-53,-184,-178,-220,-208,-206,-210,-202,-138,-219,-214,-222,-137,-138,-64,-232,-227,-279,-228,-220,-110,-256,-256,-256,-251,-444,-431,-512,-489,-29981,-29982,-29982,-29983,-29983,-29979,-29978,-5740]} 1. c4 e5 2. Nc3 Nc6 3. Nf3 d6 4. g3 g6 5. Bg2 Bg7 6. O-O Nf6 7. d4 O-O 8. d5 Ne7 {8...Nb8 is the modern continuation. Played by Magnus Carlsen in August 2020.} 9. e4 Nd7 10. Be3 f5 {E62: King's Indian: Fianchetto: 6...c6 and Panno Variation (6...Nc6) without ...a6.} 11. Ng5 {Threatens to win with Ne6.} Nf6 12. exf5 gxf5 {[#] White is slightly better.} 13. f4 $146 (13. Rb1 $14) ({Predecessor:} 13. Ne6 Bxe6 14. dxe6 c6 15. Qb3 Qc8 16. Rfd1 Ne8 17. Bg5 Bf6 18. h4 Qc7 19. Rd2 {½-½ (29) Janssen,H-Welbhoff,H Germany 1996}) 13... Ng4 $11 14. Qd2 Nxe3 15. Qxe3 e4 16. Rae1 ({White should try} 16. g4 $1 $14) 16... Rf6 (16... h6 $15 17. Ne6 Bxe6 18. dxe6 c6) 17. Re2 (17. g4 $1 $14) 17... h6 18. Nh3 (18. Ne6 $1 $15 Bxe6 19. dxe6) 18... Rg6 $17 19. Rd1 c5 20. dxc6 bxc6 21. Red2 Qc7 22. Kh1 Ba6 23. Bf1 Rd8 24. c5 (24. Na4 $15) 24... Bxf1 $19 25. cxd6 Rgxd6 26. Rxd6 Rxd6 27. Rxf1 Nd5 28. Qc5 (28. Qe2 $17) 28... Nxc3 29. bxc3 Rd5 30. Qc4 Kh7 {[#]} (30... Qb7 $17 31. Nf2 Qb5 32. Qxb5 Rxb5) 31. Ng1 $2 ({Only move:} 31. g4 $1 $15 {[%mdl 512]}) 31... Qd7 32. Rb1 Rd3 33. Ne2 Kg6 ({Better is} 33... Rd2 $19 34. Nd4 Bxd4 35. cxd4 Rxd4) 34. Nd4 (34. Kg1 $17) 34... Bxd4 35. cxd4 {[%mdl 4096] Endgame [#] KQR-KQR} Qd5 $1 {[%cal Rd5c4]} ({Weaker is} 35... Rxd4 36. Qg8+ Kh5 37. Kg2 $15) 36. Rb4 $2 (36. Rc1 Rd1+ 37. Kg2 Rxc1 38. Qxc1) 36... Kh5 {White must now prevent ...Kg4.} 37. Qxd5 cxd5 38. Ra4 (38. Kg1 $19 Kg4 39. Rb3) 38... Kg4 {Black mates.} 39. Kg2 Rd2+ 40. Kf1 Kf3 {[%cal Rd2d1]} 41. Ke1 Rxh2 {Av CentiPawn Loss W=-73/B=-55. Weighted=-75/-37} 0-1

[Event "XIV Figueira da Foz Open 2020"]
[Site "Figueira da Foz"]
[Date "2020.10.26"]
[Round "4.12"]
[White "Margarido, Jose Miguel Teixeira"]
[Black "Pipiras, Filipa Fortuna"]
[Result "1/2-1/2"]
[WhiteElo "2138"]
[BlackElo "1912"]
[Annotator "TA"]
[PlyCount "73"]
[EventDate "2020.10.24"]
[EventType "swiss"]
[EventCountry "POR"]
[SourceTitle "playchess.com"]
[Source "ChessBase"]
[SourceQuality "1"]

{[%evp 10,73,80,50,70,37,40,-20,62,28,29,29,34,27,35,24,55,55,59,32,32,32,41,34,35,35,35,18,35,23,42,43,70,33,41,18,76,18,70,41,87,25,102,66,63,25,25,20,20,0,0,0,0,0,20,0,25,0,20,0,34,0,20,0,56,0]} 1. e4 c6 2. Nc3 d5 3. Nf3 dxe4 4. Nxe4 Nf6 5. Nxf6+ gxf6 6. g3 Qd5 {B11: Caro-Kann: Two Knights Variation.} 7. Qe2 Na6 8. Bg2 {[#]} (8. d4 $14) 8... Nc7 $146 (8... Nb4 $1 $11 9. d3 Bg4) ({Predecessor:} 8... Nb4 9. d3 Bg4 10. Kd1 O-O-O 11. Bd2 e5 12. a3 Na6 13. Kc1 Nc5 14. Re1 h5 {0-1 (42) Hammer,J (2608)-Karjakin,S (2752) chess.com INT 2020}) 9. a3 Qe6 10. d4 Qxe2+ 11. Kxe2 h5 12. Re1 Bh6 13. Bxh6 Rxh6 14. Rad1 Bg4 15. h3 Bxf3+ 16. Kxf3 e6 17. h4 O-O-O 18. Ke2 f5 19. Bf3 Nd5 20. c4 Nf6 21. Rd3 Rhh8 22. Red1 Rd7 {[#]} (22... Rd6 $11) 23. b4 (23. d5 $1 $16) 23... Kb8 (23... Rhd8 $11) 24. a4 Rc8 25. a5 (25. c5 $16) 25... Rcc7 (25... a6 $11 {keeps the balance.}) 26. R1d2 Kc8 27. Ke3 (27. a6 $5) 27... Kd8 28. Kf4 Ke7 29. Re2 Rd8 30. Rb2 Rcd7 31. Rbd2 Rc7 32. Ke3 Rd6 33. Kf4 Rd8 34. Ke3 Rd6 35. Kf4 Rd8 36. Ke3 Rd6 37. Kf4 {Av CentiPawn Loss W=-19/B=-20. Weighted=-22/-24} (37. c5 $14 Rd8 {[#]} 38. a6 $1 {[%mdl 512]}) 1/2-1/2

[Event "XIV Figueira da Foz Open 2020"]
[Site "Figueira da Foz"]
[Date "2020.10.26"]
[Round "4.13"]
[White "Fernandes, Joao Pedro Murtinho"]
[Black "Silva, Pedro Gil Ferreira D"]
[Result "1/2-1/2"]
[WhiteElo "2084"]
[BlackElo "2034"]
[Annotator "TA"]
[PlyCount "75"]
[EventDate "2020.10.24"]
[EventType "swiss"]
[EventCountry "POR"]
[SourceTitle "playchess.com"]
[Source "ChessBase"]
[SourceQuality "1"]

{[%evp 9,75,9,16,17,19,21,23,9,24,17,22,18,25,21,50,40,41,38,81,84,103,97,119,120,156,120,192,101,169,168,166,169,163,139,175,166,155,131,139,125,133,60,71,75,87,66,57,34,78,64,68,21,30,26,28,26,40,36,32,7,15,8,34,7,38,0,64,0]} 1. e4 c6 2. d4 d5 3. e5 c5 4. dxc5 e6 5. Nf3 Bxc5 6. Bd3 {B12: Caro-Kann: Advance Variation.} Ne7 {is cutting edge theory.} 7. O-O Nbc6 8. Nbd2 {White has an edge.} Ng6 9. Nb3 {[#] aiming for Bxg6.} Bb6 10. Re1 O-O 11. Be3 Bxe3 12. Rxe3 Qc7 {[%cal Rg6e5] [#]} 13. Bxg6 $146 ({Predecessor:} 13. c3 Ncxe5 14. Nxe5 Nxe5 15. Bxh7+ Kxh7 16. Qh5+ Kg8 17. Rxe5 Bd7 18. Rae1 Qd8 19. Rg5 {1-0 (70) Djokic,M (2232)-Larina,M (1948) chess.com INT 2020}) 13... hxg6 14. c3 f6 {[%cal Rc6e5]} 15. Qe2 Bd7 16. Nbd4 Rae8 17. Re1 a6 {[#]} (17... Nxd4 $16 {was called for.} 18. Nxd4 Qa5) 18. Qd3 (18. Nxc6 $1 $18 Bxc6 19. Nh4) 18... Nxe5 (18... Kf7 $16) 19. Nxe5 $18 fxe5 20. Rxe5 Rf6 21. R1e2 Qb6 22. h4 Qd6 23. Qe3 b5 24. a3 a5 25. h5 (25. b4 $16) 25... gxh5 26. Rxh5 Qf4 27. Qxf4 (27. Qh3 {is interesting.} Rh6 28. Rxh6 Qc1+ 29. Kh2 Qf4+ 30. g3) 27... Rxf4 28. Rhe5 Kf7 29. g3 Rf6 30. Nb3 b4 31. axb4 axb4 32. Nd4 bxc3 33. bxc3 Rc8 34. R2e3 Rb8 35. Kg2 Rb6 36. Nf3 Bb5 37. Nd4 Bc4 (37... Bd7 $11) 38. Nf3 {Black escapes into a draw. Av CentiPawn Loss W=-17/B=-18. Weighted=-22/-19} (38. g4 $1 $14) 1/2-1/2

[Event "XIV Figueira da Foz Open 2020"]
[Site "Figueira da Foz"]
[Date "2020.10.26"]
[Round "4.14"]
[White "Torres Dominguez, David"]
[Black "Soares, Sara Joana De Moura "]
[Result "1-0"]
[WhiteElo "2029"]
[BlackElo "1654"]
[Annotator "TA"]
[PlyCount "137"]
[EventDate "2020.10.24"]
[EventType "swiss"]
[EventCountry "POR"]
[SourceTitle "playchess.com"]
[Source "ChessBase"]
[SourceQuality "1"]

{[%evp 10,136,-10,-20,48,50,115,52,107,109,120,124,135,79,91,80,75,83,102,62,93,68,139,32,41,37,35,19,75,79,88,0,0,0,0,0,0,0,0,0,0,0,0,0,8,11,19,0,0,0,9,0,29,6,59,29,52,27,110,108,121,125,141,134,128,131,137,108,255,143,160,131,137,129,215,212,1023,966,987,946,29979,29980,29983,272,29984,29984,29988,29989,29989,29990,29994,29993,29993,29981,29981,29980,29982,29982,29986,29987,29989,29988,29988,29989,29989,29990,29991,29991,29991,29992,29992,29993,29993,29994,29994,29994,29994,29995,29995,29995,29995,29996,29996,29997,29997,29998,29998,29999,29999]} 1. e4 c5 2. Nc3 g6 3. f4 d6 4. Nf3 Nc6 5. Bc4 Bg7 6. O-O Nd4 {B23: Closed Sicilian: Lines without g3.} (6... e6 $11) 7. d3 $14 Nh6 (7... e6 $14) 8. Nxd4 (8. f5 $1 $16) 8... Bxd4+ (8... cxd4 $14 9. Ne2 O-O) 9. Kh1 $16 {[#]} O-O $146 ({Predecessor:} 9... Ng4 10. Qe1 Bd7 11. h3 h5 12. Nb5 Bf6 13. hxg4 hxg4+ 14. Kg1 e6 15. Nxd6+ Kf8 {1-0 (26) Roubaud,A (1758)-Weill,S (2079) Montpellier 2006}) 10. f5 Bg7 11. h3 (11. Qe1 $142 {Qh4 is the strong threat.} Kh8 12. Qh4) 11... Kh8 12. fxg6 fxg6 13. Bg5 Ng8 14. Qd2 Nf6 15. Bh6 e6 ({Better is} 15... Bxh6 $14 16. Qxh6 Bd7) 16. Bb3 ({White should play} 16. Rf3 $16) 16... Bd7 $14 17. Bxg7+ Kxg7 18. e5 Nh5 {[#]} (18... dxe5 $11 19. Qg5 Bc6) 19. Rxf8 $1 $16 Qxf8 20. exd6 (20. Ne4 $16) 20... Ng3+ $11 21. Kg1 Qxd6 22. Re1 Rf8 ({Of course not} 22... c4 $6 23. Bxc4 Rf8 24. Qe3 $16) 23. Qe3 b6 24. Ne4 Nxe4 25. Qxe4 Re8 26. c3 Bc6 27. Qe3 Bd5 28. Ba4 Re7 29. a3 a6 30. Bd1 Bb7 31. Rf1 Re8 (31... Rf7 $11) 32. Bf3 (32. Bb3 {is interesting.} Bc8 33. Qe4 Bd7 34. Qh4 Kg8 35. a4) 32... Bxf3 33. Qxf3 {[%mdl 4096] Endgame KQR-KQR} Qe7 {[#]} (33... Rf8 $11 34. Qb7+ {[%mdl 64] Double Attack} Kg8) 34. Qc6 $1 $36 {[%mdl 2048] White is on the roll.} Rb8 35. Re1 e5 {[#]} 36. d4 $1 {[%mdl 512]} cxd4 37. cxd4 Rf8 38. dxe5 b5 {This costs Black the game.} (38... Qc5+ $16 39. Qxc5 bxc5) 39. b4 (39. e6 $18) 39... Qh4 40. Qc7+ Rf7 41. Qc3 {Hoping for e6+.} Re7 (41... Qc4 $16 42. Qa1 Qe6) 42. e6+ $18 Kg8 $2 (42... Qf6 43. Qd3 h5) 43. Qe5 Qc4 {[#]} 44. Qd6 $1 {Intending Qd8+ and mate.} Re8 45. Qd7 Qc8 46. Qf7+ Kh8 47. e7 {White mates.} Qb8 48. Kh1 Qc8 49. Rf1 Qa8 50. Qf8+ Rxf8 51. exf8=Q+ Qxf8 52. Rxf8+ {KR-KP} Kg7 53. Ra8 g5 54. Rxa6 {KR-K3P} h5 55. Rb6 g4 56. Rxb5 gxh3 57. gxh3 {KR-KP} h4 58. Rb6 Kf7 59. a4 Ke7 60. a5 Kd7 61. b5 {[%cal Bb4b5,Bb5b6][%mdl 32]} Kc7 62. Rh6 Kd7 63. a6 Kc7 64. b6+ Kd7 65. a7 Ke7 66. a8=Q Kf7 67. Qb7+ Kg8 68. Rc6 {[%cal Rc6c8]} Kf8 69. Rc8# {Av CentiPawn Loss W=-16/B=-78. Weighted=-21/-58} 1-0

[Event "XIV Figueira da Foz Open 2020"]
[Site "Figueira da Foz"]
[Date "2020.10.26"]
[Round "4.15"]
[White "Silva, Mariana Sofia T."]
[Black "Santos, Luis Manuel Freire R"]
[Result "1-0"]
[WhiteElo "1885"]
[BlackElo "1891"]
[Annotator "NA RC"]
[PlyCount "87"]
[EventDate "2020.10.24"]
[EventType "swiss"]
[EventCountry "POR"]
[SourceTitle "playchess.com"]
[Source "ChessBase"]
[SourceQuality "1"]
[TimeControl "40/5400+30:1800+30"]

{[%evp 18,84,68,41,50,48,47,36,60,32767,32767,-25,-18,-28,-21,-30,-12,-96,-86,-124,32767,32767,32767,-59,-41,-56,-39,-54,-27,-29,-8,-35,-33,-85,32767,-100,32767,-79,32767,-97,-55,-64,-47,32767,0,32767,32767,32767,0,-45,106,89,116,84,32767,643,32767,32767,739,690,6760,2423,1906,5510,5094,12837,29972,29978,6032]} 1. e4 {[%emt 0:28:13]} e5 {[%emt 0:00:00]} 2. Nf3 {[%emt 0:00:11]} Nc6 {[%emt 0:00:00]} 3. Bc4 {[%emt 0:00:08]} Nf6 {[%emt 0:00:27]} 4. d3 {[%emt 0:00:07]} d6 {[%emt 0:00:24]} 5. O-O {[%emt 0:00:10]} Bg4 {[%emt 0:00:36]} 6. h3 {[%emt 0:00:18]} Bh5 {[%emt 0:00:14]} 7. c3 {[%emt 0:00:17]} Be7 {[%emt 0:00:47]} 8. Re1 {[%emt 0:00:34]} O-O {[%emt 0:00:12]} 9. Nbd2 {[%emt 0:00:17]} d5 {[%emt 0:01:09]} 10. exd5 {[%emt 0:02:12]} Nxd5 {[%emt 0:00:50]} 11. Ne4 {[%emt 0:01:07] C55: Two Knights: 4 d3, 4 d4 exd4 5 e5 and Max Lange Attack.} Nb6 {[%emt 0:03:15]} 12. Bb3 {[%emt 0:00:29]} Bf6 {[%emt 0:01:06] [#]} 13. Nxf6+ $146 {[%emt 0:03:50]} Qxf6 {[%emt 0:00:24]} 14. Re3 {[%emt 0:12:38]} ({White should try} 14. g4 $14 Bg6 15. Qe2 (15. h4 h5 16. Ng5 hxg4 17. Qxg4 Bxd3 18. Re3 Qf5 19. Qg3 {0-1 (49) Andersen,H (1683)-Ingvaldsen,J (1691) Sarpsborg 2001})) 14... Rad8 {[%emt 0:06:57]} 15. Qe1 {[%emt 0:09:38]} Nd5 {[%emt 0:04:40]} 16. Bxd5 $1 {[%emt 0:00:07]} Rxd5 {[%emt 0:00:55]} 17. Nd2 {[%emt 0:03:49]} Bg6 {[%emt 0:05:04]} 18. Ne4 {[%emt 0:07:09]} (18. b4 $1 $15) 18... Bxe4 {[%emt 0:01:25]} 19. dxe4 {[%emt 0:00:06]} Rd7 {[%emt 0:02:04]} 20. Rg3 {[%emt 0:01:08]} h6 {[%emt 0:02:24]} 21. Be3 {[%emt 0:02:06]} Rfd8 {[%emt 0:06:12]} 22. Qe2 {[%emt 0:00:09]} Ne7 {[%emt 0:04:35]} 23. Qg4 {[%emt 0:02:13]} b6 {[%emt 0:03:30]} 24. Rf1 {[%emt 0:07:02]} Ng6 {[%emt 0:03:28]} 25. Rf3 {[%emt 0:06:53]} Qh4 {[%emt 0:01:50]} 26. Qf5 {[%emt 0:01:18]} Qe7 {[%emt 0:06:34]} 27. Rg3 {[%emt 0:01:02]} Rd6 {[%emt 0:06:07]} 28. Qf3 {[%emt 0:07:02]} Rf6 {[%emt 0:00:48]} 29. Qg4 {[%emt 0:00:44]} Qd6 {[%emt 0:06:42]} 30. h4 {[%emt 0:01:19]} Qf8 {[%emt 0:02:50]} 31. h5 {[%emt 0:01:53]} Nf4 {[%emt 0:02:40]} 32. Kh2 {[%emt 0:00:47]} Rd3 {[%emt 0:02:21]} 33. Qh4 {[%emt 0:00:57]} g5 {[%emt 0:02:25]} (33... Qd8 $15 {stays ahead.}) 34. hxg6 $1 {[%emt 0:00:21] Discovered Attack} fxg6 {[%emt 0:00:20]} 35. Bxf4 $1 {[%emt 0:00:36] Discovered Attack} Rxg3 {[%emt 0:00:25]} 36. Bxg3 {[%emt 0:00:12]} g5 {[%emt 0:00:24]} 37. Qg4 {[%emt 0:00:18]} Qf7 {[%emt 0:01:55]} 38. Rd1 {[%emt 0:00:45]} h5 {[%emt 0:00:59]} 39. Qxg5+ $18 {[%emt 0:00:19]} (39. Qc8+ $142 Kg7 {[#]} 40. Rd7 $1 {[%mdl 576] Double Attack} Re6 41. Qxc7 Qxd7 42. Qxd7+ Kf6 43. f4 exf4 44. Bf2 Rxe4 45. Bd4+ Rxd4 46. cxd4) 39... Qg7 {[%emt 0:02:17]} 40. Qxg7+ {[%emt 0:00:00]} Kxg7 {[%emt 0:00:00]} 41. Bxe5 {[%emt 0:00:17] Double Attack} Kg6 {[%emt 0:00:31]} 42. Bxf6 {[%emt 0:00:09]} Kxf6 {[%emt 0:00:51]} 43. f4 {[%emt 0:00:06]} Ke6 {[%emt 0:00:09]} 44. Kg3 {[%emt 0:00:11]} 1-0

[Event "XIV Figueira da Foz Open 2020"]
[Site "Figueira da Foz"]
[Date "2020.10.26"]
[Round "4.16"]
[White "Costa, Joao Guerra"]
[Black "Morais, Mario Martins Freita"]
[Result "0-1"]
[WhiteElo "2150"]
[BlackElo "1808"]
[Annotator "TA"]
[PlyCount "26"]
[EventDate "2020.10.24"]
[EventType "swiss"]
[EventCountry "POR"]
[SourceTitle "playchess.com"]
[Source "ChessBase"]
[SourceQuality "1"]

{[%evp 9,26,2,8,-6,33,-489,-493,-502,-488,-556,-530,-595,-586,-750,-738,-845,-842,-29998,-29999]} 1. e4 g6 2. Nc3 Bg7 3. d3 d6 4. f4 Nc6 {[%cal Bb8c6,Bc6e5,Be5f3][%mdl 32]} 5. Nf3 e5 {[#]} 6. fxe5 $146 {B06: Modern Defence.} ({Predecessor:} 6. Be2 Nge7 7. O-O O-O 8. Qe1 Nd4 9. Bd1 Nec6 10. Nd5 Nxf3+ 11. Bxf3 exf4 12. Bxf4 {0-1 (26) Djordjevic,M (1885)-Brankovic,D (2300) Bajina Basta 2020}) 6... Nxe5 7. Bg5 $2 {[%mdl 8192] [#]} (7. Bf4 $14 {keeps the upper hand.}) 7... Nxf3+ $19 8. Qxf3 {Black is clearly winning.} Qxg5 9. Nd5 Bg4 10. Qf2 Ne7 11. Nxc7+ Kd7 12. Nxa8 Bxb2 {[#] ( -> ...Bc3+)} ({Not} 12... Rxa8 13. c3 $17) 13. Rb1 Bc3+ {Black took control after the opening.} 0-1